000
00497nam a2200169Ia 4500
008
090711s9999 xx 000 0 und d
082
_b
79244
100
_a
गुप्ते शशिकांत
245
_a
सावज
260
_b
मायबोली प्रकाशन
_c
1996
300
_a
103
600
_a
गुप्ते शशिकांत
630
_a
सावज
700
_a
गुप्ते शशिकांत
730
_a
सावज
942
_c
BOOK
999
_c
306876
_d
306876